Normal view MARC view

Entry Topical Term

Number of records used in: 1

001 - CONTROL NUMBER

  • control field: 251406

003 - CONTROL NUMBER IDENTIFIER

  • control field: OSt

005 - DATE AND TIME OF LATEST TRANSACTION

  • control field: 20260116105032.0

008 - FIXED-LENGTH DATA ELEMENTS

  • fixed length control field: 260116|| aca||aabn | a|a d

040 ## - CATALOGING SOURCE

  • Original cataloging agency: OSt
  • Transcribing agency: OSt

150 ## - HEADING--TOPICAL TERM

  • Topical term or geographic name entry element: ಉತ್ಕಟ ಪ್ರೀತಿಯ ಕಥೆಯಾಗಿದ್ದು, ನಾಯಕ ಹಿಮವಂತ ತನ್ನ ಪ್ರೀತಿಯನ್ನು ಉಳಿಸಿಕೊಳ್ಳಲು ಪಡುವ ಹರಸಾಹಸ, ಮತ್ತು ಪ್ರೀತಿಯಲ್ಲಿನ ಮೋಸ, ನಂಬಿಕೆಗಳ ಏರಿಳಿತಗಳನ್ನು ತೋರಿಸುತ್ತದೆ

670 ## - SOURCE DATA FOUND

  • Source citation: Work cat.: (OSt)240753: Ravi belagere 251405, Heli hogu kaarana , 2025